=LDR 00000nam 2200000 4500 =001 NUTBA000000000002042 =005 20140531125349.0 =006 =007 =008 =020 ##$$a 978-602-99321-6-4 =035 ##$$a 0010-051400000000507 =082 ##$$a 633.83 =100 ##$$a ELLEN TJANDRA =245 ##$$a CENGKIOH REMPAH PENGHASIL RUPIAH =260 ##$$a yogyakarta $b CAHAYA ATMA $c 2011 =850 ##$$a NBPNMAT =990 ##$$a 21400613/BPAP-NTB/20142014